书目信息 |
| 书名: | Chemistry and life | |
| 作者: | ||
| 分册号: | ||
| 分册名: | 出版地: | New York : |
|
| 出版社: | Macmillan | |
| 出版时间: | c1993. | |
| 页数: | xxi, 753, 33, 17 p. : | |
| 开本: | 26 cm. | |
| 丛书名: | ||
| 中图分类号: | ||
| 科图分类号: | ||
| 其他分类号: | O6-05 | |
| 主题词: | ||
| 电子资源: | ||
| 000 | 01216cam a2200325 a 450 | |
| 001 | E0752498120 | |
| 005 | 20070422143713.53 | |
| 008 | 920427s1993 nyua 001 0 eng | |
| 010 | @a92011254 | |
| 020 | @a0023545410. | |
| 035 | @A(DLC) 92011254 | |
| 040 | @aDLC@cDLC@dDLC | |
| 050 | 00 | @aQD31.2@b.H56 1993 |
| 082 | 00 | @a540@2 20 |
| 090 | @aO6-05 | |
| 099 | @dO6-05@ex31=4 | |
| 100 | 1 | @aHill, John William,@d1933- |
| 245 | 10 | @aChemistry and life :@ban introduction to general, organic, and biological chemistry. |
| 250 | @a4th ed. / :@bJohn W. Hill, Dorothy M. Feigl, Stuart J. Baum. | |
| 260 | @aNew York :@bMacmillan ;@aToronto :@bMaxwell Macmillan Canada,@cc1993. | |
| 300 | @axxi, 753, 33, 17 p. :@bill. (some col.) ;@c26 cm. | |
| 500 | @aIncludes index. | |
| 650 | 0 | @aBiochemistry. |
| 650 | 0 | @aChemistry. |
| 700 | 1 | @aFeigl, Dorothy M. |
| 700 | 1 | @aBaum, Stuart J. |
| 740 | 0 | @aGeneral, organic, and biological chemistry. |
| 906 | @a7@bcbc@corignew@d1@eocip@f19@gy-gencatlg | |
| 955 | @apc14 to be00 04-27-92; be20 to SCD 04-27-92; fg04 04-27-92; fr28 04-29-92; bk recd jd00 01-28-93; CIP ver. jd28 02-02-93 | |
| 991 | @bc-GenColl@hQD31.2@i.H56 1993@p00011405824@tCopy 1@wBOOKS | |
| Chemistry and life : : an introduction to general, organic, and biological chemistry.-4th ed. / : : John W. Hill, Dorothy M. Feigl, Stuart J. Baum.-New York : : Macmillan ; ; Toronto : : Maxwell Macmillan Canada, , c1993. |
| xxi, 753, 33, 17 p. : : ill. (some col.) ; ; 26 cm. |
| Includes index. |
| ISBN 0023545410. |
| ● |
| 相关链接 |
|
|
|
|
正题名:Chemistry and life
索取号:O6-05/x31=4
 
预约/预借
| 序号 | 登录号 | 条形码 | 馆藏地/架位号 | 状态 | 备注 |
| 1 | 0004500 | 300045001 | 第二样本阅览室/ [索取号:O6-05/x31=4] | 在馆 | |
| 2 | 0004501 | 300045010 | 第四借阅区/ [索取号:O6-05/x31=4] | 在馆 | |
| 3 | 0004502 | 300045029 | 第四借阅区/ [索取号:O6-05/x31=4] | 在馆 | |
| 4 | 0004503 | 300045038 | 密集书库/ [索取号:O6-05/x31=4] | 在馆 | |
| 5 | 0004504 | 300045047 | 密集书库/ [索取号:O6-05/x31=4] | 在馆 |